[Event "Tch-CRO 1stA liga 2016"]
[Site "Sibenik"]
[Date "2016.10.15"]
[Round "8.3"]
[White "Hracek, Zbynek"]
[Black "Zajic, Milan"]
[Result "1-0"]
[WhiteElo "2594"]
[BlackElo "2486"]
[PlyCount "129"]
[EventDate "2016.??.??"]
[EventCountry "CRO"]

1. e4 e5 2. Nf3 Nc6 3. Bc4 Bc5 4. O-O Nf6 5. d3 d6 6. c3 O-O 7. Re1 a6 8. Bb3
h6 9. h3 Ba7 10. Nbd2 Re8 11. Nf1 Be6 12. Be3 d5 13. Bxa7 Rxa7 14. Qc2 Ra8 15.
Rad1 d4 16. cxd4 Nxd4 17. Nxd4 exd4 18. Ng3 Rc8 19. Bxe6 Rxe6 20. Nf5 Qd7 21.
Qc5 Rd8 22. Rc1 Ne8 23. Rc4 b6 24. Qxd4 c5 25. Qxd7 Rxd7 26. Re3 Nd6 27. Nxd6
Rexd6 28. Rc3 Kf8 29. Kf1 Ke7 30. Ke2 Rd8 31. h4 h5 32. Rg3 g6 33. b3 R8d7 34.
Rg5 Rd4 35. f4 Kf6 36. Ke3 Rd8 37. Re5 R4d7 38. Ke2 Rd4 39. Rg5 R4d7 40. Rg3
Ke6 41. Kd2 Ke7 42. a3 a5 43. Rc4 Ra8 44. Kc3 Rad8 45. Kc2 Ra8 46. d4 cxd4 47.
Kd3 Rad8 48. Rg5 Rd6 49. Rc7+ Kf8 50. Rb5 Re6 51. Rc4 Red6 52. e5 Re6 53. Rxd4
Rc8 54. Rc4 Rec6 55. Kc3 Ke7 56. Rxb6 Rxb6 57. Rxc8 Ke6 58. Rc7 Ra6 59. Kc4 Ra8
60. Rc6+ Kf5 61. Rf6+ Kg4 62. Rxf7 Kxh4 63. e6 Kg3 64. e7 Re8 65. Kd5 1-0

[Event "Tch-CRO 1stA liga 2016"]
[Site "Sibenik"]
[Date "2016.10.15"]
[Round "8.3"]
[White "Medak, Bojan"]
[Black "Sulava, Nenad"]
[Result "1/2-1/2"]
[WhiteElo "2386"]
[BlackElo "2459"]
[PlyCount "70"]
[EventDate "2016.??.??"]
[EventCountry "CRO"]

1. Nf3 d5 2. c4 dxc4 3. Na3 a6 4. Nxc4 b5 5. Ne3 Bb7 6. g3 Nd7 7. Bg2 e6 8. O-O
Ngf6 9. b3 Be7 10. Bb2 c5 11. d4 O-O 12. a4 Qb6 13. axb5 axb5 14. Qd3 Rad8 15.
Qd2 Nd5 16. Ng4 N5f6 17. Nxf6+ Bxf6 18. Qa5 Bxf3 19. Bxf3 Bxd4 20. Bxd4 cxd4
21. Qxb6 Nxb6 22. Ra5 Nd5 23. Rxb5 Nc3 24. Rc5 Rb8 25. e3 Rxb3 26. exd4 Na4 27.
Ra5 Rxf3 28. Rxa4 g6 29. Rc1 Rb8 30. Kg2 Rf5 31. Rc5 Rf6 32. Rac4 Kg7 33. f4
Rb2+ 34. Rc2 Rxc2+ 35. Rxc2 Rf5 1/2-1/2

[Event "Tch-CRO 1stA liga 2016"]
[Site "Sibenik"]
[Date "2016.10.15"]
[Round "8.3"]
[White "Brumen, Dinko"]
[Black "Mrkonjic, Nenad"]
[Result "1-0"]
[WhiteElo "2338"]
[BlackElo "2353"]
[PlyCount "111"]
[EventDate "2016.??.??"]
[EventCountry "CRO"]

1. d4 d5 2. Bg5 c6 3. e3 Qb6 4. b3 h6 5. Bf4 Nf6 6. Bd3 e6 7. Ne2 c5 8. O-O Bd7
9. Nd2 Nc6 10. c3 Rc8 11. Kh1 Be7 12. h3 a6 13. Bh2 Na7 14. a4 Bd6 15. Be5 cxd4
16. exd4 Bxe5 17. dxe5 Ng8 18. f4 Ne7 19. Rf3 h5 20. Rc1 Nac6 21. Bb1 a5 22.
Qe1 h4 23. Ng1 Qc5 24. Rf1 b5 25. axb5 Qxb5 26. c4 Qb8 27. cxd5 exd5 28. Ngf3
Qb4 29. Ng5 Nd4 30. Qf2 Rc3 31. Rfd1 g6 32. Rxc3 Qxc3 33. Nde4 dxe4 34. Nxe4
Qc7 35. Qxd4 Be6 36. Nd6+ Kf8 37. Rf1 Rh5 38. Be4 Bxb3 39. Bf3 Rh7 40. Kh2 Be6
41. Rb1 Nf5 42. Qd3 Rh8 43. Bg4 Qd7 44. Rb7 Qa4 45. Qd2 Kg7 46. Bxf5 gxf5 47.
Nxf7 Bxf7 48. e6 Rf8 49. exf7 Qe4 50. Ra7 Rxf7 51. Rxa5 Qe7 52. Qf2 Kg6 53. Re5
Qd8 54. Re6+ Kg7 55. Qb2+ Kh7 56. Qe2 1-0

[Event "Tch-CRO 1stA liga 2016"]
[Site "Sibenik"]
[Date "2016.10.15"]
[Round "8.3"]
[White "Feletar, Darko"]
[Black "Vujakovic, Branko"]
[Result "1-0"]
[WhiteElo "2363"]
[BlackElo "2360"]
[PlyCount "57"]
[EventDate "2016.??.??"]
[EventCountry "CRO"]

1. e4 d6 2. d4 Nf6 3. Nc3 g6 4. f4 Bg7 5. Nf3 O-O 6. e5 dxe5 7. fxe5 Ng4 8. h3
Nh6 9. Bf4 f6 10. Bc4+ Kh8 11. O-O Nc6 12. exf6 exf6 13. Nb5 Nf5 14. Bxc7 Qd7
15. Re1 Nce7 16. Bh2 Nd5 17. Bxd5 Qxb5 18. Bb3 Qb6 19. Kh1 a5 20. a4 Bh6 21.
Qd3 Nd6 22. Re7 Bf5 23. Qe2 Rad8 24. Bxd6 Qxd6 25. Re1 Qg3 26. Be6 Bxe6 27.
Qxe6 Rd6 28. Qe4 b6 29. Qb7 1-0

[Event "Tch-CRO 1stA liga 2016"]
[Site "Sibenik"]
[Date "2016.10.15"]
[Round "8.4"]
[White "Kozul, Zdenko"]
[Black "Postny, Evgeny"]
[Result "0-1"]
[WhiteElo "2619"]
[BlackElo "2611"]
[PlyCount "74"]
[EventDate "2016.??.??"]
[EventCountry "CRO"]

1. Nf3 Nf6 2. c4 e6 3. Nc3 Bb4 4. g3 O-O 5. Bg2 d5 6. O-O dxc4 7. Qa4 a5 8. Qb5
Bd7 9. Qxc4 Bc6 10. a3 Be7 11. Re1 Qe8 12. Nd4 Bxg2 13. Kxg2 c6 14. e4 b5 15.
Qe2 Bc5 16. Nb3 Bb6 17. d4 a4 18. Nc5 Bxc5 19. dxc5 e5 20. Rd1 Nfd7 21. Qg4
Nxc5 22. Bh6 Ne6 23. Rd6 Ra7 24. f4 exf4 25. e5 f3+ 26. Kxf3 f5 27. exf6 Rxf6+
28. Bf4 h5 29. Qh4 Qe7 30. Rxe6 Qxe6 31. Qxh5 Rd7 32. Kf2 Rf5 33. Qf3 Rd2+ 34.
Kg1 Nd7 35. Ne4 Rxb2 36. Re1 Ne5 37. Qf1 Qc4 0-1

[Event "Tch-CRO 1stA liga 2016"]
[Site "Sibenik"]
[Date "2016.10.15"]
[Round "8.4"]
[White "Drazic, Sinisa"]
[Black "Kurajica, Bojan"]
[Result "1/2-1/2"]
[WhiteElo "2430"]
[BlackElo "2533"]
[PlyCount "80"]
[EventDate "2016.??.??"]
[EventCountry "CRO"]

1. e4 c5 2. Nf3 Nc6 3. d4 cxd4 4. Nxd4 Qb6 5. Nb3 Nf6 6. Nc3 e6 7. Qe2 Bb4 8.
Bd2 O-O 9. a3 Be7 10. O-O-O d6 11. g4 a6 12. g5 Nd7 13. h4 Re8 14. h5 Bf8 15.
f4 Qc7 16. g6 fxg6 17. hxg6 h6 18. f5 Nf6 19. Qf2 b5 20. Bh3 b4 21. axb4 Nxb4
22. fxe6 Bxe6 23. Bxe6+ Rxe6 24. Nd4 Rxe4 25. Bxh6 Rg4 26. Rdg1 Qb7 27. Kb1
Rxg6 28. Qf5 Rxg1+ 29. Rxg1 Qf7 30. Bxg7 Bxg7 31. Ne6 Nh5 32. Qg4 Rb8 33. Ng5
Qg6 34. Qc4+ d5 35. Nxd5 Qxc2+ 36. Qxc2 Nxc2 37. Kxc2 Rxb2+ 38. Kd3 Rb3+ 39.
Kc4 Rg3 40. Rxg3 Nxg3 1/2-1/2

[Event "Tch-CRO 1stA liga 2016"]
[Site "Sibenik"]
[Date "2016.10.15"]
[Round "8.4"]
[White "Kovacevic, Vlatko"]
[Black "Djurovic, Goran"]
[Result "1-0"]
[WhiteElo "2449"]
[BlackElo "2398"]
[PlyCount "79"]
[EventDate "2016.??.??"]
[EventCountry "CRO"]

1. d4 d5 2. Nf3 Nf6 3. e3 Bf5 4. c4 c6 5. Nc3 e6 6. Qb3 Qb6 7. Be2 h6 8. O-O
Nbd7 9. Nd2 Be7 10. Re1 O-O 11. Bf1 Rfd8 12. f3 Bh7 13. Qxb6 Nxb6 14. c5 Nbd7
15. b4 b6 16. Ba6 bxc5 17. bxc5 Rdb8 18. Nb3 Bd8 19. e4 Bc7 20. Bd2 Kf8 21.
Rac1 Ne8 22. exd5 exd5 23. Nd1 Bf5 24. Ne3 Be6 25. Rb1 Ke7 26. f4 g6 27. g4 f5
28. gxf5 gxf5 29. Nxf5+ Kf6 30. Ng3 Ng7 31. Na5 Bxa5 32. Bxa5 Nf5 33. Bb7 Nxg3
34. hxg3 Bf5 35. Rb4 Re8 36. Rxe8 Rxe8 37. Bxc6 Re1+ 38. Kf2 Ra1 39. Bxd5 Be6
40. c6 1-0

[Event "Tch-CRO 1stA liga 2016"]
[Site "Sibenik"]
[Date "2016.10.15"]
[Round "8.4"]
[White "Bukal, Vladimir Jr"]
[Black "Muse, Mladen"]
[Result "1-0"]
[WhiteElo "2422"]
[BlackElo "2379"]
[PlyCount "101"]
[EventDate "2016.??.??"]
[EventCountry "CRO"]

1. Nf3 Nf6 2. g3 b5 3. Bg2 Bb7 4. O-O e6 5. b3 c5 6. c4 a6 7. Nc3 b4 8. Na4 d6
9. a3 a5 10. d4 cxd4 11. Nxd4 Bxg2 12. Kxg2 Be7 13. axb4 axb4 14. Bd2 Qd7 15.
f3 Qb7 16. Nb2 Rxa1 17. Qxa1 O-O 18. Qa4 d5 19. Nd3 dxc4 20. bxc4 Rd8 21. Nb3
Nc6 22. Ra1 h6 23. Qb5 Qd7 24. Ra6 Rc8 25. Rb6 Nd4 26. Nxd4 Qxd4 27. Rb8 Rxb8
28. Qxb8+ Kh7 29. Bxb4 Bxb4 30. Qxb4 Qe3 31. Kf1 g5 32. c5 Nd5 33. Qe4+ Qxe4
34. fxe4 Nc7 35. Ke1 Kg6 36. Kd2 f5 37. Ke3 Kf6 38. exf5 exf5 39. Kd4 Ke6 40.
Kc4 Ke7 41. Nb4 Ke6 42. Nc6 f4 43. g4 Kf6 44. Kd4 Ke6 45. Ke4 Na6 46. Nd4+ Kd7
47. Kd5 Nb4+ 48. Ke5 Na6 49. c6+ Kc7 50. Kd5 Kc8 51. Nb5 1-0

[Event "Tch-CRO 1stA liga 2016"]
[Site "Sibenik"]
[Date "2016.10.15"]
[Round "8.4"]
[White "Armanda, Ivica"]
[Black "Dutina, Dario"]
[Result "1/2-1/2"]
[WhiteElo "2345"]
[BlackElo "2304"]
[PlyCount "86"]
[EventDate "2016.??.??"]
[EventCountry "CRO"]

1. e4 d6 2. d4 Nf6 3. Nc3 e5 4. Nf3 Nbd7 5. Bc4 Be7 6. a4 O-O 7. O-O c6 8. Ba2
a5 9. Re1 exd4 10. Nxd4 Nc5 11. h3 Re8 12. Bg5 Ne6 13. Bh4 g6 14. Nf3 Nh5 15.
Bxe7 Qxe7 16. Qd2 Nef4 17. Rad1 Qf6 18. Re3 Be6 19. Bxe6 Rxe6 20. h4 d5 21. g3
Nh3+ 22. Kg2 dxe4 23. Nxe4 Qf5 24. Nd4 N3f4+ 25. gxf4 Qg4+ 26. Kf1 Rxe4 27.
Rxe4 Qh3+ 28. Ke2 f5 29. Nxf5 Qxf5 30. Qe3 Rf8 31. Rdd4 Qg4+ 32. Kd2 Qxh4 33.
Re8 Nf6 34. Qe6+ Kg7 35. Qe7+ Rf7 36. Qe3 Nxe8 37. Qxe8 Qxf2+ 38. Kc3 Qf3+ 39.
Kc4 b5+ 40. Kc5 bxa4 41. Qe5+ Kh6 42. Qg5+ Kg7 43. Qe5+ Kh6 1/2-1/2

[Event "Tch-CRO 1stA liga 2016"]
[Site "Sibenik"]
[Date "2016.10.15"]
[Round "8.4"]
[White "Bozinovic, Bogdan"]
[Black "Cvorovic, Drazen"]
[Result "1/2-1/2"]
[WhiteElo "2207"]
[BlackElo "2437"]
[PlyCount "29"]
[EventDate "2016.??.??"]
[EventCountry "CRO"]

1. d4 Nf6 2. c4 g6 3. Nc3 Bg7 4. e4 O-O 5. Nge2 c5 6. d5 d6 7. Ng3 e6 8. Be2
Na6 9. O-O exd5 10. exd5 Nc7 11. h3 Rb8 12. Bf4 Re8 13. Qd2 a6 14. a4 b6 15.
Bh6 1/2-1/2

[Event "Tch-CRO 1stA liga 2016"]
[Site "Sibenik"]
[Date "2016.10.15"]
[Round "8.5"]
[White "Stevic, Hrvoje"]
[Black "Rade, Miroslav"]
[Result "1-0"]
[WhiteElo "2602"]
[BlackElo "2451"]
[PlyCount "65"]
[EventDate "2016.??.??"]
[EventCountry "CRO"]

1. e4 e5 2. Nf3 Nc6 3. Bc4 Bc5 4. O-O d6 5. c3 Nf6 6. d3 a6 7. a4 Ba7 8. h3 Ne7
9. Re1 Ng6 10. d4 O-O 11. Nbd2 c6 12. dxe5 dxe5 13. a5 Nh5 14. Nb3 Qe7 15. Bg5
Qc7 16. Be3 Bxe3 17. Rxe3 Qe7 18. Qf1 Nhf4 19. Rd1 h5 20. Rd2 h4 21. Qd1 Ne6
22. Nc1 Ngf4 23. Nd3 Nxd3 24. Rexd3 g6 25. Bxe6 Bxe6 26. Nxe5 Qc7 27. Nd7 Bxd7
28. Rxd7 Qxa5 29. Rxb7 Rab8 30. Rbd7 Kg7 31. R2d6 Qe5 32. Qg4 g5 33. Qh5 1-0

[Event "Tch-CRO 1stA liga 2016"]
[Site "Sibenik"]
[Date "2016.10.15"]
[Round "8.5"]
[White "Doric, Darko"]
[Black "Palac, Mladen"]
[Result "1/2-1/2"]
[WhiteElo "2481"]
[BlackElo "2618"]
[PlyCount "64"]
[EventDate "2016.??.??"]
[EventCountry "CRO"]

1. d4 Nf6 2. c4 e6 3. Nc3 Bb4 4. Qc2 O-O 5. Nf3 d6 6. a3 Bxc3+ 7. Qxc3 b6 8. g3
Bb7 9. Bg2 Nbd7 10. O-O c5 11. dxc5 bxc5 12. Rd1 a5 13. Bf4 d5 14. cxd5 exd5
15. b4 Ne4 16. Qe1 Qf6 17. bxc5 Ndxc5 18. Be3 Ne6 19. Nd4 Ba6 20. Nxe6 Qxe6 21.
Bd4 Bc4 22. Rdb1 Qe7 23. Rb6 Nc5 24. Bxc5 Qxc5 25. Rb2 Rab8 26. Qd2 a4 27. Rb4
Rxb4 28. axb4 Qb5 29. e4 dxe4 30. Bxe4 Rb8 31. Bc2 Qxb4 32. Qxb4 Rxb4 1/2-1/2

[Event "Tch-CRO 1stA liga 2016"]
[Site "Sibenik"]
[Date "2016.10.15"]
[Round "8.5"]
[White "Jankovic, Alojzije"]
[Black "Ivic, Mateo"]
[Result "1-0"]
[WhiteElo "2579"]
[BlackElo "2234"]
[PlyCount "81"]
[EventDate "2016.??.??"]
[EventCountry "CRO"]

1. d4 Nf6 2. Nf3 g6 3. c4 Bg7 4. Nc3 O-O 5. e4 d6 6. Be2 e5 7. Be3 Ng4 8. Bg5
f6 9. Bc1 Nc6 10. h3 Nh6 11. d5 Ne7 12. h4 Bg4 13. Nh2 Bxe2 14. Qxe2 f5 15. h5
Nf7 16. hxg6 hxg6 17. Bd2 c6 18. O-O-O cxd5 19. cxd5 b5 20. exf5 gxf5 21. Qh5
Qa5 22. g4 b4 23. gxf5 bxc3 24. Bxc3 Rfc8 25. Rhg1 Rxc3+ 26. Kb1 Rc2 27. Kxc2
Qxa2 28. f6 Rc8+ 29. Kd2 Qxd5+ 30. Ke1 Qe4+ 31. Qe2 Qb4+ 32. Kf1 Nf5 33. fxg7
Qh4 34. Qg4 Qf6 35. Qh3 Rc2 36. Ng4 Qe6 37. Qb3 Rc4 38. Qb8+ Kxg7 39. Nxe5+ Kf6
40. Rg6+ Kxe5 41. Re1+ 1-0

[Event "Tch-CRO 1stA liga 2016"]
[Site "Sibenik"]
[Date "2016.10.15"]
[Round "8.5"]
[White "Susak, Zeljko"]
[Black "Zelcic, Robert"]
[Result "1-0"]
[WhiteElo "2206"]
[BlackElo "2518"]
[PlyCount "227"]
[EventDate "2016.??.??"]
[EventCountry "CRO"]

1. e4 c5 2. Nc3 a6 3. g3 b5 4. Bg2 Bb7 5. d3 e6 6. Nge2 Nf6 7. O-O d6 8. h3 Nc6
9. f4 Be7 10. g4 Qc7 11. a4 b4 12. Nb1 Nd7 13. Nd2 e5 14. Nc4 Nd4 15. Ng3 Bh4
16. Ne2 Be7 17. b3 Nxe2+ 18. Qxe2 exf4 19. Bxf4 O-O 20. Rae1 Ne5 21. Nxe5 dxe5
22. Be3 Bh4 23. Rd1 Qe7 24. Rf3 Bc8 25. Kh2 Be6 26. Rg1 h6 27. Bf1 Bg5 28. Qd2
g6 29. Be2 Kg7 30. Kg2 a5 31. Rgf1 f5 32. Bxg5 hxg5 33. R3f2 f4 34. Rh1 Rad8
35. Qe1 Rh8 36. Bf3 Rd4 37. Re2 Qd7 38. Rf2 Rh4 39. Qe2 Kf6 40. Rh2 Qc8 41. Rf1
Qd8 42. Rf2 Bd7 43. Rh1 Bc6 44. Qe1 Rd7 45. Rh2 Rdh7 46. Re2 Bd7 47. Qh1 Be6
48. Kf1 Qc8 49. Rd2 Qh8 50. Kg2 Qd8 51. Kf1 Qd4 52. Rde2 Rh8 53. Kg2 R4h7 54.
Qe1 Qd8 55. Qh1 Kg7 56. Kf1 Qe7 57. Kg2 Bd7 58. Kf1 Bc6 59. Kg2 Rd8 60. Qe1 Rd4
61. Qh1 Rh8 62. Qe1 Qf6 63. Qh1 Qe7 64. Qe1 Qd8 65. Rh1 Rh4 66. Qf2 Kf6 67. Qe1
Qa8 68. Rh2 Bd7 69. Qh1 Be6 70. Qe1 Qd8 71. Rh1 Qd7 72. Qf2 Qc8 73. Qe1 Rd7 74.
Rh2 Qf8 75. Qh1 Qd6 76. Qe1 Qd4 77. Kf1 Bxb3 78. cxb3 Qxd3 79. Kg2 Qxb3 80. Rh1
Rd3 81. Qf2 Rh8 82. h4 gxh4 83. g5+ Kxg5 84. Qxc5 Qe6 85. Rh3 Rc8 86. Qf2 Rh8
87. Qc5 Kf6 88. Kh2 g5 89. Rg2 Rc8 90. Qf2 Rcc3 91. Rxh4 gxh4 92. Qxh4+ Kf7 93.
Qh7+ Kf8 94. Qh8+ Ke7 95. Rg7+ Qf7 96. Rxf7+ Kxf7 97. Bh5+ Ke6 98. Bg4+ Kd6 99.
Qf6+ Kc7 100. Qxe5+ Kd8 101. Qxa5+ Ke8 102. Qe5+ Kf8 103. Qxf4+ Ke7 104. e5
Rc2+ 105. Kg1 Rdd2 106. Qxb4+ Ke8 107. Bh3 Rb2 108. Qf4 Rd1+ 109. Bf1 Re1 110.
Qf6 Rbe2 111. Qe6+ Kf8 112. Qf6+ Ke8 113. Qc6+ Kf8 114. Qf3+ 1-0

[Event "Tch-CRO 1stA liga 2016"]
[Site "Sibenik"]
[Date "2016.10.16"]
[Round "9.1"]
[White "Bekker-Jensen, Simon"]
[Black "Saric, Ivan"]
[Result "0-1"]
[WhiteElo "2466"]
[BlackElo "2666"]
[PlyCount "98"]
[EventDate "2016.??.??"]
[EventCountry "CRO"]

1. d4 Nf6 2. c4 g6 3. Nc3 Bg7 4. e4 d6 5. h3 O-O 6. Be3 c5 7. Nf3 cxd4 8. Nxd4
Nc6 9. Be2 Bd7 10. O-O a6 11. Nf3 Qb8 12. Na4 Qd8 13. Nb6 Rb8 14. Qc2 Nb4 15.
Qb1 Bc6 16. Nd5 Nbxd5 17. cxd5 Bd7 18. a4 Qe8 19. a5 e6 20. dxe6 Qxe6 21. Bd3
d5 22. e5 Ne4 23. Bxe4 dxe4 24. Qxe4 Bc6 25. Qf4 Bxf3 26. Qxf3 Bxe5 27. Ba7
Rbc8 28. Rfe1 Qf6 29. Qxb7 Bxb2 30. Rad1 Bc3 31. Re3 Bxa5 32. Ra3 Rc7 33. Qd5
Bb4 34. Rf3 Qc6 35. Qxc6 Rxc6 36. Rd7 Re6 37. Bd4 Rd6 38. Rxd6 Bxd6 39. Rf6 Rd8
40. Bc3 Bc7 41. Kf1 Rd6 42. Ke2 Rxf6 43. Bxf6 Bb6 44. f3 Kf8 45. Kd3 Ke8 46.
Kc4 Kd7 47. Kd5 Ba5 48. g4 Bd2 49. h4 h5 0-1

[Event "Tch-CRO 1stA liga 2016"]
[Site "Sibenik"]
[Date "2016.10.16"]
[Round "9.1"]
[White "Predojevic, Borki"]
[Black "Sprenger, Jan Michael"]
[Result "1/2-1/2"]
[WhiteElo "2640"]
[BlackElo "2513"]
[PlyCount "88"]
[EventDate "2016.??.??"]
[EventCountry "CRO"]

1. e4 c5 2. Nf3 e6 3. g3 Nc6 4. Bg2 d5 5. exd5 exd5 6. d4 Bg4 7. O-O cxd4 8. h3
Bxf3 9. Qxf3 Nf6 10. Bg5 Be7 11. Bxf6 Bxf6 12. Re1+ Ne7 13. Qxd5 Qxd5 14. Bxd5
O-O 15. Be4 Nc8 16. Nd2 Nd6 17. Bd3 Rfe8 18. Red1 g6 19. a4 a5 20. Ra3 Rac8 21.
Rb3 Rc6 22. Kf1 Kf8 23. Re1 b6 24. h4 Bg7 25. Rxe8+ Kxe8 26. Ke2 Kd8 27. Ra3
Rc5 28. Ra1 f5 29. Rd1 Re5+ 30. Kf3 Kd7 31. h5 g5 32. g4 fxg4+ 33. Kxg4 h6 34.
Bg6 Rd5 35. b3 b5 36. axb5 Rxb5 37. f4 gxf4 38. Kxf4 Be5+ 39. Kg4 Bf6 40. Nf3
Rb4 41. Bf5+ Kc7 42. Bd3 a4 43. bxa4 Rxa4 44. Re1 Ra8 1/2-1/2

[Event "Tch-CRO 1stA liga 2016"]
[Site "Sibenik"]
[Date "2016.10.16"]
[Round "9.1"]
[White "Rade, Miroslav"]
[Black "Markus, Robert"]
[Result "0-1"]
[WhiteElo "2451"]
[BlackElo "2649"]
[PlyCount "43"]
[EventDate "2016.??.??"]
[EventCountry "CRO"]

1. e4 d6 2. d4 Nf6 3. Nc3 g6 4. Nf3 Bg7 5. Be2 O-O 6. O-O a6 7. Re1 Nc6 8. d5
Na7 9. a4 e6 10. h3 Re8 11. Bf4 h6 12. Nd2 exd5 13. exd5 Bf5 14. Nc4 b5 15. Ne3
Bd7 16. Bd3 b4 17. Na2 a5 18. c3 Nc8 19. Bh2 Nb6 20. b3 Nfxd5 21. Nxd5 Nxd5 22.
Qf3 0-1

[Event "Tch-CRO 1stA liga 2016"]
[Site "Sibenik"]
[Date "2016.10.16"]
[Round "9.1"]
[White "Jovanovic, Zoran"]
[Black "Ivic, Mateo"]
[Result "1-0"]
[WhiteElo "2526"]
[BlackElo "2234"]
[PlyCount "105"]
[EventDate "2016.??.??"]
[EventCountry "CRO"]

1. e4 e5 2. Nf3 Nc6 3. Bc4 Nf6 4. d3 Bc5 5. c3 d6 6. O-O Bb6 7. a4 a6 8. Nbd2
Ne7 9. Re1 Ng6 10. a5 Ba7 11. Nf1 O-O 12. Ng3 c6 13. Bb3 Bb8 14. d4 Bc7 15.
dxe5 dxe5 16. Qxd8 Rxd8 17. Bg5 Be6 18. Bxe6 fxe6 19. Nd2 Nf4 20. Nc4 Rd7 21.
Nf1 Rad8 22. Bxf4 exf4 23. e5 Ng4 24. h3 Nh6 25. Nh2 Rd5 26. Nf3 Nf7 27. h4 Kf8
28. Kf1 Ke7 29. Re4 h6 30. Rxf4 Nxe5 31. Nfxe5 Bxe5 32. Re4 Bf6 33. Rae1 Kf7
34. g3 Re8 35. Kg2 Bd8 36. Ra1 Bc7 37. Kf3 Kf6 38. Kg4 g6 39. Kf3 h5 40. Ke2
Red8 41. Re3 Rf5 42. b4 Rfd5 43. Rb1 R8d7 44. Rb2 Rd8 45. Nd2 Bd6 46. Ne4+ Kf5
47. Rb1 Be7 48. Re1 e5 49. Kf1 R8d7 50. Rf3+ Ke6 51. Ke2 c5 52. bxc5 Bxc5 53.
c4 1-0

[Event "Tch-CRO 1stA liga 2016"]
[Site "Sibenik"]
[Date "2016.10.16"]
[Round "9.1"]
[White "Susak, Zeljko"]
[Black "Jovanic, Ognjen"]
[Result "0-1"]
[WhiteElo "2206"]
[BlackElo "2473"]
[PlyCount "82"]
[EventDate "2016.??.??"]
[EventCountry "CRO"]

1. e4 c5 2. Nc3 Nc6 3. f4 e6 4. Nf3 Nge7 5. d3 d5 6. Be2 d4 7. Nb1 Ng6 8. O-O
Be7 9. Na3 O-O 10. Nc4 Qc7 11. Nce5 Ncxe5 12. fxe5 h6 13. b3 Bd7 14. a4 Bc6 15.
Qe1 Nxe5 16. Nxe5 Qxe5 17. Bf4 Qf6 18. Bd6 Qg5 19. Bf4 Qg6 20. h4 f5 21. h5 Qf7
22. Qg3 Qf6 23. Bf3 fxe4 24. Bxe4 Bxe4 25. dxe4 Rf7 26. Bd6 Bxd6 27. Qxd6 Qe7
28. Qxe7 Rxe7 29. Kf2 c4 30. Rfd1 e5 31. c3 Rf8+ 32. Kg1 Rf4 33. cxd4 Rxe4 34.
d5 cxb3 35. Rab1 Rxa4 36. Rxb3 Rd7 37. Rbd3 Rh4 38. g3 Rxh5 39. Kf2 e4 40. Rd4
Re5 41. Ke3 g5 0-1

[Event "Tch-CRO 1stA liga 2016"]
[Site "Sibenik"]
[Date "2016.10.16"]
[Round "9.1"]
[White "Kovacevic, Blazimir"]
[Black "Krnic, Ivan"]
[Result "1-0"]
[WhiteElo "2478"]
[BlackElo "2147"]
[PlyCount "71"]
[EventDate "2016.??.??"]
[EventCountry "CRO"]

1. d4 g6 2. e4 Bg7 3. Nf3 d6 4. Bc4 c6 5. Bb3 a5 6. c3 e6 7. O-O Ne7 8. Nbd2
O-O 9. Re1 b5 10. e5 d5 11. Nf1 c5 12. h4 Nbc6 13. dxc5 Qc7 14. Bf4 a4 15. Bc2
Na5 16. b4 Nc4 17. g3 Ba6 18. N1h2 Rad8 19. Nd4 Nc6 20. Nxc6 Qxc6 21. Nf3 Qc7
22. Qe2 Rb8 23. h5 Bc8 24. Rad1 Na3 25. Bd3 Nc4 26. Nh2 Qe7 27. Ng4 Rb7 28. h6
Bh8 29. Bxc4 bxc4 30. Qe3 f5 31. exf6 Bxf6 32. Bd6 Qf7 33. Bxf8 Qxf8 34. Nxf6+
Qxf6 35. c6 Rf7 36. b5 1-0

[Event "Tch-CRO 1stA liga 2016"]
[Site "Sibenik"]
[Date "2016.10.16"]
[Round "9.2"]
[White "Djurovic, Goran"]
[Black "Stevic, Hrvoje"]
[Result "0-1"]
[WhiteElo "2398"]
[BlackElo "2602"]
[PlyCount "48"]
[EventDate "2016.??.??"]
[EventCountry "CRO"]

1. d4 d5 2. c4 dxc4 3. Nf3 Nf6 4. e3 Bg4 5. Bxc4 e6 6. Qb3 Bxf3 7. gxf3 c5 8.
Nc3 cxd4 9. Qxb7 Nbd7 10. Nb5 Bb4+ 11. Kf1 O-O 12. Nxd4 Rb8 13. Qxa7 Bc5 14.
Qa6 Ne5 15. Ne2 Rb6 16. Qa5 Nxc4 17. Qxc5 Qd1+ 18. Kg2 Qxe2 19. b3 Ne4 20. fxe4
Qg4+ 21. Kf1 Rd6 22. Ba3 Nd2+ 23. Ke1 Nf3+ 24. Kf1 Qh3+ 0-1

[Event "Tch-CRO 1stA liga 2016"]
[Site "Sibenik"]
[Date "2016.10.16"]
[Round "9.2"]
[White "Palac, Mladen"]
[Black "Bukal, Vladimir Jr"]
[Result "1-0"]
[WhiteElo "2618"]
[BlackElo "2422"]
[PlyCount "80"]
[EventDate "2016.??.??"]
[EventCountry "CRO"]

1. e4 e6 2. d4 d5 3. Nc3 Nc6 4. e5 f6 5. Bb5 Qd7 6. Nf3 a6 7. Bxc6 Qxc6 8. Ne2
Bd7 9. Nf4 O-O-O 10. O-O Be8 11. Re1 Bf7 12. Bd2 Ne7 13. Bb4 Kb8 14. a4 Nc8 15.
Bxf8 Rhxf8 16. Re3 Nb6 17. b3 Rg8 18. Qd2 g5 19. Rc3 Qe8 20. Nd3 Bh5 21. exf6
Bxf3 22. f7 Qxf7 23. Ne5 Qe8 24. Rxf3 Nc8 25. Rf7 Nd6 26. Rxh7 Rh8 27. Rxh8
Qxh8 28. Qxg5 Rg8 29. Qf4 Qg7 30. Qg3 Qh8 31. Qd3 Nf5 32. Re1 Qg7 33. g3 Rh8
34. Nf3 Qg4 35. c3 Qh3 36. Qf1 Qg4 37. Ne5 Qh5 38. Qg2 Nd6 39. f3 Ka7 40. Nd3
Qh7 1-0

[Event "Tch-CRO 1stA liga 2016"]
[Site "Sibenik"]
[Date "2016.10.16"]
[Round "9.2"]
[White "Dutina, Dario"]
[Black "Jankovic, Alojzije"]
[Result "0-1"]
[WhiteElo "2304"]
[BlackElo "2579"]
[PlyCount "104"]
[EventDate "2016.??.??"]
[EventCountry "CRO"]

1. e4 c5 2. Nc3 e6 3. f4 a6 4. Nf3 d5 5. d3 Nc6 6. Qe2 Be7 7. g3 Nf6 8. Bg2 O-O
9. e5 Nd7 10. O-O Qc7 11. Nd1 Nd4 12. Nxd4 cxd4 13. c3 dxc3 14. bxc3 Nb6 15.
Bd2 Bd7 16. Nf2 Rac8 17. Qh5 Na4 18. Rac1 Qa5 19. g4 Nxc3 20. g5 Bc5 21. Rce1
Qb6 22. Qh4 Bb5 23. Qg3 Bxf2+ 24. Rxf2 d4 25. f5 exf5 26. Rxf5 Qg6 27. Rf3 Bc6
28. Rf4 Bxg2 29. Kxg2 Nxa2 30. Rxd4 Rc2 31. Re2 Nc3 32. Rf2 Nb5 33. Re4 Nc7 34.
h4 Ne6 35. Qe3 Rd8 36. Bb4 Rxf2+ 37. Kxf2 Qf5+ 38. Ke2 Rc8 39. Kd2 Qf1 40. Qe1
Qg2+ 41. Qe2 Qg1 42. Qd1 Qb6 43. Bc3 Qd8 44. Qb1 b5 45. Qb4 Qd5 46. Re3 Nc5 47.
Ke2 Qg2+ 48. Ke1 Ne6 49. Kd1 Qf2 50. Bd2 Nf4 51. Qe4 Qg1+ 52. Be1 Nd5 0-1

[Event "Tch-CRO 1stA liga 2016"]
[Site "Sibenik"]
[Date "2016.10.16"]
[Round "9.2"]
[White "Zelcic, Robert"]
[Black "Bozinovic, Bogdan"]
[Result "1-0"]
[WhiteElo "2518"]
[BlackElo "2207"]
[PlyCount "81"]
[EventDate "2016.??.??"]
[EventCountry "CRO"]

1. e4 c5 2. Nf3 d6 3. d4 cxd4 4. Nxd4 Nf6 5. Nc3 a6 6. Be2 Nbd7 7. O-O b5 8. a4
b4 9. Na2 Bb7 10. Nxb4 Nxe4 11. Bf3 Qb6 12. c3 e6 13. a5 Qc7 14. Bxe4 Bxe4 15.
Re1 d5 16. Qh5 Bxb4 17. Nxe6 Qd6 18. Nxg7+ Kf8 19. Bh6 Qg6 20. Qh3 Bc5 21. Ne6+
Kg8 22. Nf4 Bf5 23. Qh4 Qg4 24. Qxg4+ Bxg4 25. Nxd5 f6 26. Ra4 Bh5 27. Rc4 Kf7
28. b4 Bd6 29. Rc6 Rhe8 30. Rxe8 Rxe8 31. g4 Re6 32. Bf4 Re1+ 33. Kg2 Bxf4 34.
gxh5 Bd2 35. Rxa6 Rc1 36. Rd6 Nf8 37. Rxf6+ Ke8 38. a6 Nd7 39. a7 Ra1 40. Nc7+
Kd8 41. Na6 1-0

[Event "Tch-CRO 1stA liga 2016"]
[Site "Sibenik"]
[Date "2016.10.16"]
[Round "9.3"]
[White "Cheparinov, Ivan"]
[Black "Kozul, Zdenko"]
[Result "1-0"]
[WhiteElo "2677"]
[BlackElo "2619"]
[PlyCount "87"]
[EventDate "2016.??.??"]
[EventCountry "CRO"]

1. Nf3 Nf6 2. c4 g6 3. g3 Bg7 4. Bg2 c6 5. b3 Ne4 6. d4 Qa5+ 7. Nbd2 d5 8. O-O
O-O 9. Bb2 Rd8 10. e3 Bf5 11. Qe2 Nxd2 12. Nxd2 Nd7 13. Rfc1 e5 14. cxd5 cxd5
15. Bc3 Qb6 16. Bxd5 exd4 17. exd4 Nf6 18. Nc4 Qa6 19. Bf3 Nd5 20. Bb2 Nb4 21.
Rd1 Rac8 22. d5 Bc2 23. Bxg7 Bxd1 24. Rxd1 Kxg7 25. d6 Qxa2 26. Qe5+ Kg8 27.
Ne3 Rc1 28. Rxc1 Nd3 29. Qf6 Qxf2+ 30. Kh1 Nxc1 31. Qxd8+ Kg7 32. Qf6+ Kxf6 33.
Ng4+ Ke6 34. Nxf2 Nxb3 35. Bd5+ Kxd6 36. Bxb3 Kc5 37. Bxf7 Kd4 38. Kg2 b5 39.
Kf3 a5 40. Ke2 a4 41. Nd3 Kc3 42. Ke3 g5 43. g4 h6 44. h3 1-0